000 00325nam a22001337a 4500
008 171004b xxu||||| |||| 00| 0 eng d
020 _a9781433805615
041 _aeng
080 _26TH
_a159.9
100 _a48
101 _aPSI
245 _aPUBLICATION MANUAL OF THE AMERICAN PSYCHOLOGICAL ASSOCIATION
942 _2udc
_cBK
999 _c31668
_d31668